Préfectures et sous-préfectures des Hauts de France - Statistiques

Statistiques générales
  • Ce quiz a été pris 346 fois
  • Le résultat moyen est 17 sur 26
Statistiques - réponses
Département Ville % Correct
Nord - Préfecture Lille
98%
Somme - Préfecture Amiens
94%
Pas de Calais - Préfecture Arras
94%
Oise - Préfecture Beauvais
94%
Aisne - Préfecture Laon
92%
Pas de Calais Calais
86%
Nord Dunkerque
86%
Pas de Calais Lens
86%
Nord Valenciennes
77%
Nord Douai
72%
Pas de Calais Boulogne-sur-Mer
70%
Oise Compiègne
67%
Aisne Saint-Quentin
66%
Aisne Soissons
64%
Somme Abbeville
62%
Pas de Calais Béthune
60%
Nord Cambrai
59%
Aisne Château-Thierry
58%
Pas de Calais Saint-Omer
53%
Oise Senlis
50%
Somme Péronne
43%
Pas de Calais Montreuil-sur-Mer
42%
Nord Avesnes-sur-Helpe
38%
Oise Clermont
38%
Aisne Vervins
37%
Somme Montdidier
35%
Aucun quiz correspondant
Distribution des résultats
% des personnes avec chaque résultat
Percentile par nombre de réponses
Votre historique - résultats
Vous n’avez pas pris ce quiz